000
00194nam a22000977a 4500
082
_a
823
245
_a
OPPOSITS-UP&DOWN
246
_a
SLEEPY DOG
_b
SLEEPY DOG
650
_a
ENGLISH STORY
942
_c
BK
999
_c
8842
_d
8842